Gunpowder justice : a reassessment of the Texas Rangers /

Bibliographic Details
Main Author: Samora, Julian, 1920-1996
Other Authors: Bernal, Joe, 1927-, Peña, Albert A., Jr., 1917-2006
Format: Book
Language:English
Published: Notre Dame, Ind. : University of Notre Dame Press, [1979]
Subjects:

MARC

Tag First Indicator Second Indicator Subfields
LEADER 00000pam a2200000 i 4500
001 in00000052654
005 20180407063349.0
008 780912s1979 inua b 00110 eng
010 |a  78062969  
020 |a 0268010013 :  |c $10.95 
035 |a (OCoLC)04490932 
035 |9 AAE7387AM 
040 |a DLC  |c DLC  |d TXA  |d UtOrBLW 
043 |a n-us-tx 
049 |a TXAM  |c [1383472] 
050 0 0 |a F391  |b .S22 
082 0 |a 363.2/09764 
100 1 |a Samora, Julian,  |d 1920-1996. 
245 1 0 |a Gunpowder justice :  |b a reassessment of the Texas Rangers /  |c Julian Samora, Joe Bernal, Albert Pena. 
264 1 |a Notre Dame, Ind. :  |b University of Notre Dame Press,  |c [1979] 
264 4 |c ©1979 
300 |a 179 pages :  |b illustrations ;  |c 21 cm. 
336 |a text  |b txt  |2 rdacontent 
337 |a unmediated  |b n  |2 rdamedia 
338 |a volume  |b nc  |2 rdacarrier 
500 |a Includes index. 
504 |a Bibliography: pages 169-173. 
610 2 0 |a Texas Rangers. 
650 0 |a Police  |z Texas  |x Complaints against. 
650 0 |a Mexican Americans  |z Texas  |x Social conditions. 
651 0 |a Texas  |x Race relations. 
700 1 |a Bernal, Joe,  |d 1927- 
700 1 |a Peña, Albert A.,  |c Jr.,  |d 1917-2006. 
999 |a MARS 
999 f f |s 3a8c9069-ce7b-33cd-9006-171ae324666a  |i 1d13c2bf-f23c-3418-958d-4b6655ea6cda  |t 0 
952 f f |p normal  |a Texas A&M University  |b College Station  |c Sterling C. Evans Library  |d Evans: Library Stacks  |t 0  |e F391 .S22  |h Library of Congress classification  |i unmediated -- volume  |m A14802294848 
998 f f |a F391 .S22  |t 0  |l Evans: Library Stacks